Republic of Serbia : Staff Report for the 2006 Article IV Consultation and Post-Program Monitoring Discussions.

Failed corporate structures lie at the heart of Serbia's economic difficulties. But the government emphasized instead the need for public investment and labor tax cuts. Capital inflows pose additional challenges. External concerns leave little room to fiscal maneuver. This puts the focus on pub...

Ful tanımlama

Detaylı Bibliyografya
Müşterek Yazar: International Monetary Fund
Materyal Türü: Dergi
Dil:English
Baskı/Yayın Bilgisi: Washington, D.C. : International Monetary Fund, 2006.
Seri Bilgileri:IMF Staff Country Reports; Country Report ; No. 2006/384
Online Erişim:Full text available on IMF
LEADER 01672cas a2200241 a 4500
001 AALejournalIMF004571
008 230101c9999 xx r poo 0 0eng d
020 |c 5.00 USD 
020 |z 9781451833645 
022 |a 1934-7685 
040 |a BD-DhAAL  |c BD-DhAAL 
110 2 |a International Monetary Fund. 
245 1 0 |a Republic of Serbia :   |b Staff Report for the 2006 Article IV Consultation and Post-Program Monitoring Discussions. 
264 1 |a Washington, D.C. :  |b International Monetary Fund,  |c 2006. 
300 |a 1 online resource (76 pages) 
490 1 |a IMF Staff Country Reports 
500 |a <strong>Off-Campus Access:</strong> No User ID or Password Required 
500 |a <strong>On-Campus Access:</strong> No User ID or Password Required 
506 |a Electronic access restricted to authorized BRAC University faculty, staff and students 
520 3 |a Failed corporate structures lie at the heart of Serbia's economic difficulties. But the government emphasized instead the need for public investment and labor tax cuts. Capital inflows pose additional challenges. External concerns leave little room to fiscal maneuver. This puts the focus on public expenditure reform. Recent changes in monetary arrangements are appropriate. These steps would best be taken further-toward inflation targeting. However, the envisaged fiscal relaxation calls much of this into question. Serbia has made significant progress in recent years. 
538 |a Mode of access: Internet 
830 0 |a IMF Staff Country Reports; Country Report ;  |v No. 2006/384 
856 4 0 |z Full text available on IMF  |u http://elibrary.imf.org/view/journals/002/2006/384/002.2006.issue-384-en.xml  |z IMF e-Library